Hao mang de yi nian = A busy year / (Record no. 190293)
[ view plain ]
| 000 -LEADER | |
|---|---|
| fixed length control field | 01404nam a2200385 i 4500 |
| 003 - CONTROL NUMBER IDENTIFIER | |
| control field | OSt |
| 008 - FIXED-LENGTH DATA ELEMENTS--GENERAL INFORMATION | |
| fixed length control field | 221130s2022 cc a j 000 1 chi d |
| 020 ## - INTERNATIONAL STANDARD BOOK NUMBER | |
| International Standard Book Number | 9787513346801 |
| Terms of availability | RM38.40 |
| Qualifying information | hardback |
| 040 ## - CATALOGING SOURCE | |
| Original cataloging agency | PPAK |
| Language of cataloging | eng |
| Transcribing agency | PPAK |
| Description conventions | rda |
| 041 1# - LANGUAGE CODE | |
| Language code of text/sound track or separate title | chi |
| Language code of original | eng |
| 082 04 - DEWEY DECIMAL CLASSIFICATION NUMBER | |
| Edition number | 23 |
| Classification number | 813.54 |
| 090 00 - LOCALLY ASSIGNED LC-TYPE CALL NUMBER (OCLC); LOCAL CALL NUMBER (RLIN) | |
| Classification number (OCLC) (R) ; Classification number, CALL (RLIN) (NR) | 813.54 |
| Feature heading | LIO |
| Feature heading | K |
| 100 1# - MAIN ENTRY--PERSONAL NAME | |
| Linkage | 880-01 |
| Personal name | Lionni, Leo, |
| Dates associated with a name | 1910-1999 |
| Relator term | author. |
| 245 10 - TITLE STATEMENT | |
| Linkage | 880-02 |
| Title | Hao mang de yi nian = A busy year / |
| Statement of responsibility, etc. | Liou li oani zhu ; Ajia yi |
| 246 33 - VARYING FORM OF TITLE | |
| Display text | Translation of: |
| Title proper/short title | A busy year |
| 250 ## - EDITION STATEMENT | |
| Edition statement | Di yi ban |
| 264 #1 - PRODUCTION, PUBLICATION, DISTRIBUTION, MANUFACTURE, AND COPYRIGHT NOTICE | |
| Place of production, publication, distribution, manufacture | Beijing, China : |
| Name of producer, publisher, distributor, manufacturer | New Star Press, |
| Date of production, publication, distribution, manufacture, or copyright notice | 2022 |
| 300 ## - PHYSICAL DESCRIPTION | |
| Extent | 24 unnumbered pages : |
| Other physical details | colour illustrations ; |
| Dimensions | 29 cm x 14 cm. |
| 336 ## - CONTENT TYPE | |
| Content type term | text |
| Source | rdacontent |
| 337 ## - MEDIA TYPE | |
| Media type term | unmediated |
| Source | rdamedia |
| 338 ## - CARRIER TYPE | |
| Carrier type term | volume |
| Source | rdacarrier |
| 490 1# - SERIES STATEMENT | |
| Series statement | Liou Li'aoni zuo pin |
| 520 ## - SUMMARY, ETC. | |
| Summary, etc. | Mouse twins befriend a tree and watch it grow and change throughout each month of the year. |
| 650 10 - SUBJECT ADDED ENTRY--TOPICAL TERM | |
| Topical term or geographic name entry element | English fiction |
| Form subdivision | Translation into Chinese |
| Topical term or geographic name entry element | Trees |
| Form subdivision | Juvenile fiction |
| Topical term or geographic name entry element | Months |
| Form subdivision | Juvenile fiction |
| Topical term or geographic name entry element | Mice |
| Form subdivision | Juvenile fiction |
| 655 7# - INDEX TERM--GENRE/FORM | |
| Genre/form data or focus term | Board books. |
| 700 0# - ADDED ENTRY--PERSONAL NAME | |
| Linkage | 880-03 |
| Personal name | Ajia, |
| Relator term | translator. |
| 830 #0 - SERIES ADDED ENTRY--UNIFORM TITLE | |
| Uniform title | Liou Li'aoni zuo pin |
| 880 1# - ALTERNATE GRAPHIC REPRESENTATION | |
| Linkage | 100-01 |
| a | 里奥尼、里奥, |
| e | 作者. |
| Linkage | 245-02 |
| a | 好忙的一年 = A busy year / |
| c | (美)李欧·李奥尼著 , 阿甲译 |
| Linkage | 700-03 |
| a | 阿甲, |
| e | 在线翻译. |
| 942 ## - ADDED ENTRY ELEMENTS (KOHA) | |
| Source of classification or shelving scheme | Dewey Decimal Classification |
| Koha item type | Book |
| Withdrawn | Not for loan | Current library | Shelving location | Date acquired | Total Checkouts | Total Renewals | Full call number | Barcode | Date last seen | Date last checked out | Koha item type |
|---|---|---|---|---|---|---|---|---|---|---|---|
| Perpustakaan Alor Setar | Pinjaman Kanak-kanak | 11/01/2023 | 5 | 2 | K 813.54 LIO | A01765697 | 12/02/2025 | 04/01/2025 | Book | ||
| Perpustakaan Awam Sungai Petani | Pinjaman Kanak-kanak | 11/01/2023 | 3 | 1 | K 813.54 LIO | A01765698 | 20/09/2025 | 13/09/2025 | Book |